Who Albums Tile Select - Statistics

General Stats
  • This quiz has been taken 10 times
  • The average score is 43 of 63
Answer Stats
Question Tile Select % Correct
the following songs that are on The Who Sell Out (1967). I Can See for Miles Yes
90%
the following songs that are on My Generation (1965). I'm a Boy No
90%
the following songs that are on Who's Next (1971). Join Together No
90%
the following songs that are on The Who by Numbers (1975). Naked Eye No
90%
the following songs that are on Quadrophenia (1973). Postcard No
90%
the following songs that are on Who Are You (1978). Sister Disco Yes
90%
the following songs that are on Who's Next (1971). Summertime Blues No
90%
the following songs that are on Who's Next (1971). Won't Get Fooled Again Yes
90%
the following songs that are on Quadrophenia (1973). 5:15 Yes
80%
the following songs that are on Who's Next (1971). Bargain Yes
80%
the following songs that are on Tommy (1969). Behind Blue Eyes No
80%
the following songs that are on Who Are You (1978). Eminence Front No
80%
the following songs that are on Who's Next (1971). Getting in Tune Yes
80%
the following songs that are on The Who Sell Out (1967). Happy Jack No
80%
the following songs that are on Who's Next (1971). Heaven and Hell No
80%
the following songs that are on The Who by Numbers (1975). However Much I Booze Yes
80%
the following songs that are on The Who Sell Out (1967). La-La-La-Lies No
80%
the following songs that are on Who's Next (1971). Let's See Action No
80%
the following songs that are on Tommy (1969). Pinball Wizard Yes
80%
the following songs that are on The Who by Numbers (1975). Pure and Easy No
80%
the following songs that are on The Who by Numbers (1975). Slip Kid Yes
80%
the following songs that are on Quadrophenia (1973). The Punk and the Godfather Yes
80%
the following songs that are on Quadrophenia (1973). The Song Is Over No
80%
the following songs that are on Tommy (1969). We're Not Gonna Take It Yes
80%
the following songs that are on Tommy (1969). Young Man Blues No
80%
the following songs that are on Who's Next (1971). Baba O'Riley Yes
70%
the following songs that are on The Who Sell Out (1967). Call Me Lightning No
70%
the following songs that are on Tommy (1969). Christmas Yes
70%
the following songs that are on Quadrophenia (1973). Going Mobile No
70%
the following songs that are on Tommy (1969). I'm Free Yes
70%
the following songs that are on Quadrophenia (1973). I'm One Yes
70%
the following songs that are on Quadrophenia (1973). Long Live Rock No
70%
the following songs that are on Who's Next (1971). Love Ain't for Keeping Yes
70%
the following songs that are on The Who Sell Out (1967). Magic Bus No
70%
the following songs that are on The Who by Numbers (1975). Squeeze Box Yes
70%
the following songs that are on My Generation (1965). The Kids Are Alright Yes
70%
the following songs that are on The Who by Numbers (1975). The Quiet One No
70%
the following songs that are on Quadrophenia (1973). The Real Me Yes
70%
the following songs that are on Tommy (1969). The Seeker No
70%
the following songs that are on Who Are You (1978). You Better You Bet No
70%
the following songs that are on My Generation (1965). A Legal Matter Yes
60%
the following songs that are on The Who Sell Out (1967). Armenia City in the Sky Yes
60%
the following songs that are on Tommy (1969). Go to the Mirror! Yes
60%
the following songs that are on Quadrophenia (1973). Love, Reign o'er Me Yes
60%
the following songs that are on Who Are You (1978). New Song Yes
60%
the following songs that are on My Generation (1965). Pictures of Lily No
60%
the following songs that are on The Who by Numbers (1975). Put the Money Down No
60%
the following songs that are on The Who Sell Out (1967). Tattoo Yes
60%
the following songs that are on Tommy (1969). The Acid Queen Yes
60%
the following songs that are on Who Are You (1978). Athena No
50%
the following songs that are on The Who by Numbers (1975). Blue Red and Grey Yes
50%
the following songs that are on The Who Sell Out (1967). Boris the Spider No
50%
the following songs that are on Who Are You (1978). Had Enough Yes
50%
the following songs that are on The Who by Numbers (1975). In a Hand or a Face Yes
50%
the following songs that are on Who Are You (1978). Love Is Coming Down Yes
50%
the following songs that are on The Who Sell Out (1967). Mary Anne with the Shaky Hand Yes
50%
the following songs that are on My Generation (1965). Out in the Street Yes
50%
the following songs that are on My Generation (1965). Substitute No
50%
the following songs that are on Who Are You (1978). Trick of the Light Yes
50%
the following songs that are on My Generation (1965). I Can't Explain No
40%
the following songs that are on My Generation (1965). I Don't Mind Yes
40%
the following songs that are on Who Are You (1978). Music Must Change Yes
40%
the following songs that are on My Generation (1965). I'm a Man Yes
30%
No matching quizzes found
Score Distribution
Percent of People with Each Score
Percentile by Number Answered
Your Score History
You have not taken this quiz